Estatísticas para Países da Europa

Clique aqui para jogar o quiz

Estatísticas Gerais

  • Esse quiz foi jogado 58 vezes
  • A pontuação média é 42 de 46

Respostas no mapa

Respostas codificadas por cores de uma escala verde-vermelha no mapa do quiz de acordo com a % correta abaixo.
 

Estatísticas das Respostas

Países% Correto
Alemanha
100%
Espanha
100%
França
100%
Grécia
100%
Itália
100%
Rússia
100%
Dinamarca
98%
Finlândia
98%
Islândia
98%
Noruega
98%
Portugal
98%
Reino Unido
98%
Áustria
95%
Bielorrússia
95%
Croácia
95%
Irlanda
95%
Ucrânia
95%
Suécia
93%
Suíça
93%
Andorra
91%
Bélgica
91%
Bósnia e Herzegovina
91%
Eslováquia
91%
Eslovénia
91%
Estónia
91%
Letónia
91%
Países Baixos
91%
Polónia
91%
Lituânia
88%
Luxemburgo
88%
Malta
88%
Moldávia
88%
Mónaco
88%
Roménia
88%
Sérvia
88%
Vaticano
88%
Hungria
86%
Montenegro
86%
República Checa
86%
San Marino
86%
Bulgária
84%
Macedónia
84%
Liechtenstein
81%
Albânia
79%
Kosovo
79%
Chipre
56%

Distribuição das Pontuações

Percentil de Números Respondidos

Porcentagem de Pessoas com Cada Pontuação

Sua Pontuação Histórica

Você não jogou esse quiz